000
00253nam a2200097Ia 4500
008
240331s9999 xx 000 0 und d
082
_b
PER
100
_a
Perera, L.P.N
245
0
_a
Sexuality in ancient India :
_b
astudy based on the Vinayapitaka
942
_c
L
999
_c
2171
_d
2171